【プロ野球】 アウフタクトで始まる応援歌(1) - Statistics

General Stats
  • This quiz has been taken 35 times
  • The average score is 13 of 20
Answer Stats
応援歌 選手名 % Correct
叩けボールをミートで 広く打ち分け遠くへ スピード活かして 目指せホームベースを 上林誠知
79%
行け希望の花 咲かすその日まで飛ばせ栄光の座へと 導くホームラン 野村祐希
79%
君の熱い思いと スタンドの期待を乗せた 打球が描く軌道は 夢への架け橋 荒木貴裕
75%
走れグランドを全力で 夢追い人よ 冴え渡る華麗なその姿 煌めけ鮮やかに 田中幹也
71%
光り輝くセンス 我らを惹きつける 明日へ向かって走れ 翔けろ〇〇 平沼翔太
71%
狙いを定め 強気で攻めろ お前の時代を築け さぁぶちかませ 坂本誠志郎
71%
胸の奥で熱く滾る 想い全て出し切れ 壮絶な争いに 勝ち残れ最後まで 宗佑磨
71%
敵はすぐ目の前だ 大いなる闘志燃やせ響け和の魂 輝ける未来へ 大和
67%
共に行こう期待を背負い 時代を切り開く 君のその姿に 鼓動を重ねて 村松開人
67%
渾身の一振りが今 勝利を決める ここで放て大空へ 行くぞ〇〇 宮本丈
67%
素早く力強く 先陣を切れ 激闘の中で 紅く【炎やせ】 武士の心 野口智哉
63%
いざ大空へ翔ばたけ 熱い想い乗せ 勝利へ導く一打 決めろよ〇〇 會澤翼
63%
想い深き郷里の地で 歩み進めろ〇〇戦い挑み 攻守で導け 伏見寅威
63%
北の大地で挑み 夢見る歓喜の日へ 投打で輝きを放て 凛々しい姿で  山﨑福也
58%
彼方煌めく栄光を 讃えしその日まで果てなき夢の旅路 遥かに突き進め 水野達稀
58%
放物線で導く 歓喜への道へと 征戦向かう自慢の 豊かなパワー 宇草孔基
50%
覚悟を決めて振り抜け 打球が風を切り裂き夢運ぶ 打てよ勝利への一打 松尾汐恩
50%
琉球の波に乗って 潮風を背に受け冴えわたる神業 オーーー島人の星 神里和毅
50%
ホームを守る男の 雄々しき姿己の信じる道 征けよ〇〇 堀内謙伍
46%
狼煙上げてどこまでも 栄光目指し駆け抜けろ さあ!行こうぜ〇〇 風を吹き荒らせ  若林楽人
42%
No matching quizzes found
Score Distribution
Percent of People with Each Score
Percentile by Number Answered
Your Score History
You have not taken this quiz